| 000 | 00000nam##2200000za#4500 |
| 001 | 9.678417 |
| 003 | CaOODSP |
| 005 | 20220107134005 |
| 007 | ta |
| 008 | 150407|1990||||xxc||||| f|0| 0 fre|d |
| 020 | |a0-662-97749-1 |
| 040 | |aCaOODSP|bfre |
| 043 | |an-cn--- |
| 086 | 1 |aH72-21/77-1992F |
| 110 | 2 |aCentre national d'information sur la violence dans la famille (Canada) |
| 245 | 13|aLe counseling, un outil de changement: tendances évolutives des services de counseling offerts aux femmes battues et à leurs enfants au Canada / |cpar Linda MacLeod. |
| 260 | |aOttawa - Ontario : |bSanté et Bien-être social Canada. |c1990. |
| 300 | |a33p. : |bréférences ; |c28 cm. |
| 500 | |aSommaire: Introduction.--Tendances dans les services de counselling.--Tenir compte de tous les membres de la famille.--Le counselling intégré.--Questions à considérer.--Conclusion: La dynamique du changement.--Annexe I: Personnes-ressources interrogées.--Annexe II: Guide d'entrevue. |
| 563 | |aCouverture souple |
| 590 | |a93-04|b1993-01-29 |
| 691 | 07|aServices sociaux|2gcpds |
| 691 | 07|aProgrammes sociaux|2gcpds |
| 691 | 07|aViolence familiale|2gcpds |
| 720 | 1 |aMacLeod, Linda |
| 775 | 08|tCounselling for change: evolutionary trends in counselling services for women who are abused and for their children in Canada / |w(CaOODSP)9.644587 |